000 01067nam a22003371 4500
001 01107648
003 DO-SdBNP
005 20240613091342.0
007 01107648
008 920725s2007 cl spa
017 _a
_b
020 _a9780847704507
035 _a
040 _aBPMSU
_bspa
_cBPMSU
082 4 _aPR863.5
_bF289c 2007
_222
100 1 _aFebles Iguina, Isabel
245 0 0 _aEl cumpleaños de Baldomero = Baldomero's birthday /
_c Isabel M. Febles Iguina ; ilustraciones Nívea Ortiz Montañez.
_b
_h
260 _aPuerto Rico :
_bUniversidad de Puerto Rico,
_c2007
300 _a21,(21) p. :
_bil,. ;
_c26 cm
490 0 _aSerie Dos Lenguas
500 _a
590 _aInventariado, 2025/VM
650 4 _aCuentos infantiles puertorriqueños
_v
_2
650 4 _aFiestas de cumpleaños
_vCuentos
700 1 _a Barceló Jiménez, Josefina
_eselección
700 1 _aÁlvarez Oneill, Juan
_cilustraciones
710 2 _aUniversidad de Puerto Rico
900 _6
910 _aVMateo V. Control de calidad. BPMSU
942 _2ddc
_cBK
999 _c14663
_d14663